000
00275nam a2200121Ia 4500
008
241002s9999 xx 000 0 und d
082
_a
808.543 FLA
100
_a
Flaubert, Gustrove
245
0
_a
Three Tales
260
_a
London:
_c
1950
600
_a
Literature
942
_c
UC
999
_c
18887
_d
18887